000 00533nam a22001937a 4500
005 20251108164231.0
008 250721s9999 xx 000 0 ara d
082 1 4 _a620.1/صال
100 1 _aكركجي، صالح أمين
245 1 0 _aخواص المواد الهندسية /
264 _c[19-].
300 _a449ص
650 1 7 _aالمواد الهندسية
650 1 7 _aالهندسة
700 1 _aصالح، وليد محمد
700 1 _aالشريقي، طالب حسين
942 _2ddc
_cBK
999 _c7043
_d7043